Riadenie nákladov a ich vplyv na výsledok hospodárenia - CCS s.r.o. bakalárska práca

Uložené v:
Podrobná bibliografia
Hlavný autor: Berešová, Terézia
Korporativný autor: Podnikovohospodárska fakulta EU so sídlom v Košiciach. Katedra účtovníctva a financií
Ďalší autori: Kostková, Albína, 1951-
Médium: Kniha
Jazyk:Slovak
Vydavateľské údaje: Košice 2009
Tagy: Pridať tag
Žiadne tagy, Buďte prvý, kto otaguje tento záznam!

MARC

LEADER 00000nam$a2200000$$$4500
001 0106014
005 20240320075357.6
041 0 |a slo 
044 |a SK 
245 1 0 |a Riadenie nákladov a ich vplyv na výsledok hospodárenia - CCS s.r.o.  |b bakalárska práca  |c Terézia Berešová ; škol. Albína Kostková 
264 1 |a Košice  |c 2009 
300 |a 42 s. 
100 1 |a Berešová, Terézia 
700 1 |a Kostková, Albína, 1951- 
710 2 |a Podnikovohospodárska fakulta EU so sídlom v Košiciach. Katedra účtovníctva a financií